| 000 | 00680nam a2200229 a 4500 | ||
|---|---|---|---|
| 003 | PILC | ||
| 005 | 20160224163339.0 | ||
| 008 | 071207s19uu xx uuu eng d | ||
| 020 | _a9780750667357 | ||
| 050 |
_aG 155.A1 _b.Sw88 2007 |
||
| 100 | _aSwarbrooke, John. | ||
| 245 |
_aConsumer behaviour in tourism / _cJohn Swarbrooke and Susan Horner. |
||
| 250 | _a2nd edition. | ||
| 260 |
_aU.S.A : _bButterworth-Heineman, _c2007. |
||
| 300 |
_a428 pages : _billustrations ; _c27 cm. |
||
| 500 | _aIncludes bibliographical references and index. | ||
| 650 | _aConsumer behaviour. | ||
| 650 | _aTourism. | ||
| 700 | _aHorner, Susan | ||
| 942 |
_cBK _2lcc _kFOR |
||
| 999 |
_c22665 _d22665 |
||